Jogadores de Futebol Mais Caros do Mundo - Statistics

Estatísticas Gerais
  • Esse quiz foi jogado 278 vezes
    209 desde o último reset
  • A pontuação média é 53 de 100
Estatísticas das Respostas
Clube Nacionalidade Valor Jogador % Correto
Manchester City Noruega 200M Haaland
99%
Real Madrid França 180M Mbappé
96%
Real Madrid Brasil 200M Vinicius Junior
96%
Real Madrid Inglaterra 180M Jude Bellingham
94%
Barcelona Espanha 150M Lamine Yamal
91%
Real Madrid Brasil 110M Rodrygo
91%
Manchester City Espanha 130M Rodri
89%
Real Madrid Uruguai 130M Valverde
88%
Bayern de Munique Inglaterra 100M Harry Kane
86%
Inter de Milão Argentina 110M Lautaro Martinez
86%
Manchester City Inglaterra 150M Phil Foden
86%
Bayer 04 Leverkusen Alemanha 130M Wirtz
83%
Real Madrid França 100M Camavinga
82%
Arsenal Noruega 110M Odegaard
82%
Arsenal Inglaterra 140M Bakayo Saka
81%
Newcastle Brasil 85M Bruno Guimarães
81%
Barcelona Espanha 90M Gavi
81%
Barcelona Espanha 80M Pedri
81%
Milan Portugal 90M Rafael Leão
81%
Arsenal Brasil 75M Gabriel Magalhães
78%
Real Madrid França 100M Tchouaméni
78%
Bayern de Munique Alemanha 130M Jamal Musiala
75%
Chelsea Inglaterra 90M Cole Palmer
74%
Napoli Geórgia 80M Kvaratskhelia
74%
Chelsea Argentina 75M Enzo Fernández
71%
Liverpool Colômbia 80M Luiz Díaz
71%
Barcelona Uruguai 70M Ronald Araujo
71%
RB Leipzig Holanda 80M Xavi Simons
71%
Arsenal Inglaterra 120M Declan Rice
70%
Manchester City Portugal 70M Bernardo Silva
68%
Manchester City Portugal 80M Rúben Dias
68%
Arsenal Brasil 60M Gabriel Martinelli
67%
Arsenal Alemenha 75M Kai Havertz
65%
Liverpool Argentina 75M Mac Allister
65%
Chelsea Equador 75M Moisés Caicedo
65%
Barcelona Brasil 60M Raphinha
65%
Manchester City Croácia 75M Gvardiol
63%
Newcastle Suécia 75M Isak
63%
Atlético de Madrid Argentina 75M Julían Alvarez
63%
Arsenal França 80M Saliba
63%
Liverpool Egito 55M Salah
62%
Real Madrid Brasil 60M Éder Militão
61%
Inter de Milão Itália 80M Barella
60%
Real Madrid Brasil 60M Endrick
60%
Sporting Suécia 70M Gyokeres
60%
Galatasaray Nigéria 75M Osimhen
60%
Arsenal Brasil 55M Gabriel Jesus
57%
Athletic Bilbao Espanha 70M Nico Williams
57%
Manchester United Portugal 65M Bruno Fernandes
55%
PSG França 60M Dembélé
55%
PSG Marrocos 60M Hakimi
55%
Barcelona Holanda 60M Frankie de Jong
53%
Liverpool Uruguai 65M Darwin Núnez
50%
Liverpool Hungria 75M Szoboszlai
50%
PSG Portugal 55M Vitinha
50%
Juventus Brasil 70M Douglas Luiz
46%
Brigthon Brasil 50M João Pedro
46%
West Ham Brasil 55M Lucas Paquetá
46%
Juventus Sérvia 65M Vlahovic
46%
Inter de Milão Itália 70M Bastoni
45%
Juventus Brasil 60M Bremer
45%
Manchester City Bélgica 65M Jérémy Doku
45%
Manchester City Brasil 50M Savinho
44%
Manchester United Dinamarca 65M Hojlund
43%
Tottenham Argentina 65M Cristian Romero
41%
PSG França 65M Barcola
39%
Liverpool Inglaterra 70M Alexander-Arnold
37%
Bayern de Munique França 65M Michael Olise
37%
PSG Portugal 55M Nuno Mendes
37%
Tottenham Inglaterra 70M James Maddison
35%
Inter de Milão França 65M Marcus Thuram
32%
Bayern de Munique Alemanha 60M Sané
32%
Milan França 60M Theo Hernández
32%
Manchester United Argentina 50M Alejandro Garnacho
30%
Barcelona França 50M Koundé
30%
Aston Villa Inglaterra 65M Watkins
30%
Manchester City Inglaterra 55M Jack Grealish
29%
Manchester United Inglaterra 60M Rashford
29%
RB Leipzig Eslovénia 50M Sesko
29%
Tottenham Suécia 55M Kulusevski
28%
Crystal Palace Inglaterra 60M Eze
27%
PSG Portugal 60M João Neves
27%
Newcastle Inglaterra 60M Anthony Gordon
26%
Manchester United Holanda 55M de Ligt
26%
RB Leipzig Bélgica 60M Openda
26%
Barcelona Espanha 60M Dani Olmo
24%
Al-Ittihad França 55M Diaby
24%
Liverpool Holanda 55M Gakpo
24%
Chelsea França 65M Nkunku
22%
Chelsea Portugal 55M Pedro Neto
22%
Tottenham Holanda 55M van de Ven
19%
PSG França 60M Zaire-Emery
19%
Arsenal Inglaterra 55M Ben White
18%
Manchester United Inglaterra 55M Mainoo
18%
Aston Villa Bélgica 55M Onana
18%
Real Sociedad Espanha 60M Zubimendi
16%
Barcelona Espanha 50M Fermín Lópes
9%
Manchester United França 55M Yoro
8%
Bayern de Munique Alemanha 50M Pavlovic
6%
Chelsea Inglaterra 50M Colwill
5%
Nenhum quiz correspondente encontrado
Distribuição das Pontuações
Porcentagem de Pessoas com Cada Pontuação
Percentil de Números Respondidos
Sua Pontuação Histórica
Você não jogou esse quiz desde o último reset